[Event "EVERY START POSITION + VARIANT #9 'Caro-Kann&q"]
[Site "SchemingMind.com"]
[Date "2016.04.13"]
[Round "-"]
[White "emvarela"]
[Black "DANDYLIONHONEYBADGER"]
[Result "1-0"]
[WhiteCountry "ARG"]
[BlackCountry "USA"]
[WhiteElo "1695"]
[WhiteRD "48"]
[BlackElo "1334"]
[BlackRD "59"]
[GameID "397836"]

1. e4 c6 2. d4 d5 3. Nd2 g6 4. Ngf3 Bh6 5. e5 Nd7 6. Bd3 e6 7. Nf1 Bxc1 8. Qxc1 Ne7 9. Ng3 f6 10. exf6 Nxf6
11. O-O b5 12. Ne5 O-O 13. b3 Nf5 14. Nxf5 exf5 15. Nxc6 Qd6 16. Ne5 a6 17. c4 Bb7 18. c5 Qe6 19. Re1 Rae8 20. Nxg6 Qxe1+
21. Qxe1 Rxe1+ 22. Rxe1 Rf7 23. Ne7+ Kh8 24. c6 Bxc6 25. Nxc6 Kg8 26. Ne7+ Kf8 27. Nxf5
1-0

[Event "EVERY START POSITION + VARIANT #9 'Caro-Kann&q"]
[Site "SchemingMind.com"]
[Date "2016.04.13"]
[Round "-"]
[White "DANDYLIONHONEYBADGER"]
[Black "emvarela"]
[Result "1-0"]
[WhiteCountry "USA"]
[BlackCountry "ARG"]
[WhiteElo "1331"]
[WhiteRD "62"]
[BlackElo "1693"]
[BlackRD "50"]
[GameID "397837"]

1. e4 c6 2. d4 d5 3. Nd2 Qb6 4. c3 dxe4 5. Nxe4 Nd7 6. Be3 Qxb2 7. Qb1 Qxb1+ 8. Rxb1 e6 9. Nf3 f6 10. Bd3 Be7
11. O-O Bd6 12. Nxd6+ Ke7 13. Bf4 b6 14. a4 g5 15. Bg3 h5 16. h4 g4 17. Rfe1 gxf3 18. Nxc8+ Rxc8 19. Ba6 Re8 20. Bc4 Kf7
21. gxf3 Ne7 22. Bxe6+ Kf8 23. Bxd7 Rh7 24. Bxe8 Kxe8 25. a5 Kd7 26. axb6 axb6 27. Rxb6 Kd8 28. Rb7
1-0

[Event "EVERY START POSITION + VARIANT #9 'Caro-Kann&q"]
[Site "SchemingMind.com"]
[Date "2016.04.28"]
[Round "-"]
[White "maro"]
[Black "emvarela"]
[Result "0-1"]
[WhiteCountry "MEX"]
[BlackCountry "ARG"]
[WhiteElo "1382"]
[WhiteRD "63"]
[BlackElo "1693"]
[BlackRD "50"]
[GameID "398428"]

1. e4 c6 2. d4 d5 3. Nd2 Qb6 4. Ngf3 dxe4 5. Nxe4 Bg4 6. Be2 Bxf3 7. Bxf3 Nd7 8. O-O Ngf6 9. Re1 e6 10. Bf4 Nd5
11. Nd6+ Bxd6 12. Bxd6 N7f6 13. Qd2 Kd7 14. Bc5 Qc7 15. g3 b6 16. Bb4 a5 17. a3 axb4 18. axb4 b5 19. Rxa8 Rxa8 20. b3 Qd6
21. c4 bxc4 22. bxc4 Qxb4 23. Qxb4 Nxb4 24. Rb1 Rb8 25. Ra1 Rb7 26. Rb1 Kc7
0-1

[Event "EVERY START POSITION + VARIANT #9 'Caro-Kann&q"]
[Site "SchemingMind.com"]
[Date "2016.04.28"]
[Round "-"]
[White "emvarela"]
[Black "maro"]
[Result "1-0"]
[WhiteCountry "ARG"]
[BlackCountry "MEX"]
[WhiteElo "1728"]
[WhiteRD "49"]
[BlackElo "1400"]
[BlackRD "60"]
[GameID "398429"]

1. e4 c6 2. d4 d5 3. Nd2 e6 4. exd5 cxd5 5. Ngf3 Bd6 6. Bb5+ Bd7 7. Bxd7+ Qxd7 8. O-O Nf6 9. c3 O-O 10. Ne5 Bxe5
11. dxe5 Ne4 12. Nxe4 dxe4 13. Qxd7 Nxd7 14. Re1 Nxe5 15. Rxe4 f6 16. Bf4 Nd3 17. Bd6 Rfd8 18. Rxe6 Nxb2 19. Rb1 Nc4 20. Bc5 b6
21. Bd4 Nd2 22. Rbe1 h6 23. R1e3 Rac8 24. Re7 Nc4 25. Rg3 Nd6 26. Rgxg7+ Kf8 27. Bxf6 Re8 28. Rxe8+ Nxe8 29. Rxa7 Nxf6 30. h3 Rxc3
31. Ra6 Rc1+ 32. Kh2 Ne4 33. Rxb6 Kg7 34. f3 Nf2 35. a4 h5 36. Kg3 Nd3 37. a5 Rc4 38. h4 Rc8 39. a6 Ra8 40. Rb7+ Kf6
41. a7 Nc5 42. Rc7 Ne6 43. Rb7 Ke5 44. Rh7 Rg8+ 45. Kf2 Nf4 46. g3 Nd3+ 47. Ke3 Nc5 48. Rxh5+ Kd6 49. g4 Kc6 50. Rh7 Re8+
51. Kf4 Kb6 52. g5 Rf8+ 53. Kg4 Ra8 54. g6 Rg8 55. h5 Ne6 56. Re7 Nd4 57. f4 Nc6 58. Rg7
1-0

[Event "EVERY START POSITION + VARIANT #9 'Caro-Kann&q"]
[Site "SchemingMind.com"]
[Date "2016.04.24"]
[Round "-"]
[White "maro"]
[Black "Scooter"]
[Result "0-1"]
[WhiteCountry "MEX"]
[BlackCountry "USA"]
[WhiteElo "1425"]
[WhiteRD "53"]
[BlackElo "1731"]
[BlackRD "47"]
[GameID "398430"]

1. e4 c6 2. d4 d5 3. Nd2 dxe4 4. Nxe4 Bf5 5. Bd3 Bxe4 6. Bxe4 Nf6 7. Bf3 Nbd7 8. Nh3 e6 9. O-O Qc7 10. g3 O-O-O
11. Bf4 Bd6 12. Ng5 Rdf8 13. c4 Bxf4 14. gxf4 Qxf4 15. Nh3 Qh4 16. Bg2 Rd8 17. Qd2 Ne5 18. Ng5 Neg4 19. h3 Ne5 20. f4 Nxc4
21. Qb4 Nd6 22. a4 h6 23. Nf3 Qxf4 24. Qa5 Kb8 25. Ne5 Qxd4+ 26. Kh1 Nd5 27. Nf3 Qb4 28. Qxb4 Nxb4 29. b3 Nf5 30. Kh2 Ne3
31. Rg1 Nd3 32. Ra2 Nf4 33. Bf1 Nxf1+ 34. Rxf1 Rd3 35. Kg3 Nh5+ 36. Kg4 g6 37. Rd2 Rhd8 38. Rxd3 Rxd3 39. Rg1 Rxb3 40. Ne5 f5+
41. Kh4 Rb4+ 42. Ng4 fxg4
0-1

[Event "EVERY START POSITION + VARIANT #9 'Caro-Kann&q"]
[Site "SchemingMind.com"]
[Date "2016.04.24"]
[Round "-"]
[White "Scooter"]
[Black "maro"]
[Result "1-0"]
[WhiteCountry "USA"]
[BlackCountry "MEX"]
[WhiteElo "1731"]
[WhiteRD "47"]
[BlackElo "1425"]
[BlackRD "53"]
[GameID "398431"]

1. e4 c6 2. d4 d5 3. Nd2 dxe4 4. Nxe4 e6 5. Nf3 Nf6 6. Bd3 Nd5 7. O-O Bd6 8. Nxd6+ Qxd6 9. Ng5 O-O 10. Nxh7 Re8
11. Re1 Nf4 12. Bxf4 Qxf4 13. Re4 Qh6 14. Rg4 e5 15. dxe5 Bxg4 16. Qxg4 Rxe5 17. Qc8+
1-0

[Event "EVERY START POSITION + VARIANT #9 'Caro-Kann&q"]
[Site "SchemingMind.com"]
[Date "2016.04.23"]
[Round "-"]
[White "maro"]
[Black "ray winteringham"]
[Result "0-1"]
[WhiteCountry "MEX"]
[BlackCountry "ENG"]
[WhiteElo "1425"]
[WhiteRD "53"]
[BlackElo "1496"]
[BlackRD "54"]
[GameID "398432"]

1. e4 c6 2. d4 d5 3. Nd2 dxe4 4. Nxe4 e6 5. Bg5 Be7 6. a3 Bxg5 7. Nxg5 Qxg5 8. Nf3 Qe7 9. Bd3 Nf6 10. O-O b5
11. Re1 Bb7 12. b4 Nbd7 13. c4 O-O 14. c5 Rad8 15. Qc2 g6 16. Ne5 Nd5 17. Qc1 Nxe5 18. Qc2 Nxd3 19. Qxd3 Nf4 20. Qf3 Qg5
21. g3 Rxd4 22. h4 Nh3+ 23. Kg2 Rxh4 24. Kf1 Rd4 25. Rad1 Rxd1 26. Rxd1 Qe5 27. Re1 Qc7 28. Kg2 Ng5
0-1

[Event "EVERY START POSITION + VARIANT #9 'Caro-Kann&q"]
[Site "SchemingMind.com"]
[Date "2016.04.23"]
[Round "-"]
[White "ray winteringham"]
[Black "maro"]
[Result "1-0"]
[WhiteCountry "ENG"]
[BlackCountry "MEX"]
[WhiteElo "1496"]
[WhiteRD "54"]
[BlackElo "1425"]
[BlackRD "53"]
[GameID "398433"]

1. e4 c6 2. d4 d5 3. Nd2 dxe4 4. Nxe4 e6 5. Nf3 Bb4+ 6. c3 Ba5 7. Be2 h6 8. Bf4 Bc7 9. Bg3 Bxg3 10. Nxg3 Nf6
11. O-O O-O 12. h3 b6 13. a3 c5 14. Qc2 a5 15. Rfd1 Nc6 16. dxc5 Qc7 17. cxb6 Qxb6 18. Rd6 Nd5 19. a4 Rd8 20. Rxd8+ Qxd8
21. Rd1 Qb6 22. Kf1 Ba6 23. Kg1 Ne3 24. fxe3 Qxe3+ 25. Kh1 Bxe2 26. Re1 Qf4 27. Nxe2 Ne5 28. Nxf4
1-0

[Event "EVERY START POSITION + VARIANT #9 'Caro-Kann&q"]
[Site "SchemingMind.com"]
[Date "2016.04.23"]
[Round "-"]
[White "maro"]
[Black "Simon Green"]
[Result "1-0"]
[WhiteCountry "MEX"]
[BlackCountry "ENG"]
[WhiteElo "1425"]
[WhiteRD "53"]
[BlackElo "1621"]
[BlackRD "55"]
[GameID "398434"]

1. e4 c6 2. d4 d5 3. Nd2 Nf6 4. e5 Nfd7 5. Bd3 e6 6. c4 Bb4 7. a3 Bxd2+ 8. Bxd2 b6 9. cxd5 cxd5 10. Bb4 Nc6
11. Bd6 Nxd4 12. Qa4 Nf5 13. Bxf5 exf5 14. Rc1 Bb7 15. Ne2 a5 16. Nf4 Rc8 17. O-O Qg5 18. Rxc8+ Bxc8 19. Nxd5 Bb7 20. Nc7+ Kd8
21. f3 Qe3+ 22. Kh1 Nc5 23. Qh4+ Kd7 24. Qe7+ Kc6 25. Qxf7 Qd3 26. Rg1 b5 27. Qxg7 Rd8 28. Rc1 Rxd6 29. exd6 Qxd6 30. Ne8 Qd8
31. Qh6+ Kd7 32. Rd1+ Kxe8 33. Qh5+ Ke7 34. Qg5+
1-0

[Event "EVERY START POSITION + VARIANT #9 'Caro-Kann&q"]
[Site "SchemingMind.com"]
[Date "2016.04.24"]
[Round "-"]
[White "Simon Green"]
[Black "maro"]
[Result "1-0"]
[WhiteCountry "ENG"]
[BlackCountry "MEX"]
[WhiteElo "1621"]
[WhiteRD "55"]
[BlackElo "1425"]
[BlackRD "53"]
[GameID "398435"]

1. e4 c6 2. d4 d5 3. Nd2 Nf6 4. e5 Ne4 5. Bd3 Bf5 6. Bxe4 dxe4 7. Qe2 e6 8. c3 Qg5 9. g3 Be7 10. Nxe4 Qg6
11. f3 O-O 12. Bd2 Nd7 13. O-O-O c5 14. g4 Bxe4 15. fxe4 cxd4 16. cxd4 Rac8+ 17. Kb1 Nb6 18. Nh3 Nc4 19. Nf4 Nxd2+ 20. Rxd2 Qh6
21. Rf1 Bg5 22. Qe3 Bxf4 23. Qxf4 Qg6 24. Rc1 Rxc1+ 25. Kxc1 Rc8+ 26. Rc2 Rxc2+ 27. Kxc2 h6 28. Kc3 f6 29. exf6 gxf6 30. Qb8+ Kg7
31. Qxb7+ Qf7 32. Qxf7+ Kxf7 33. a4 a5 34. b4 axb4+ 35. Kxb4 Ke7 36. Kc5 Kd7 37. a5 Kc7 38. a6 Kb8 39. Kd6 Ka7 40. Kxe6
1-0

[Event "EVERY START POSITION + VARIANT #9 'Caro-Kann&q"]
[Site "SchemingMind.com"]
[Date "2016.04.23"]
[Round "-"]
[White "maro"]
[Black "Chessibelle"]
[Result "1-0"]
[WhiteCountry "MEX"]
[BlackCountry "ENG"]
[WhiteElo "1425"]
[WhiteRD "53"]
[BlackElo "1180"]
[BlackRD "61"]
[GameID "398436"]

1. e4 c6 2. d4 d5 3. Nd2 Nf6 4. e5 Nfd7 5. Ndf3 e6 6. Bg5 Be7 7. Qd3 Qa5+ 8. Bd2 Qb6 9. Ne2 Qxb2 10. Rc1 Qxa2
11. Nc3 Qa5 12. Be2 Qd8 13. O-O g6 14. Be3 O-O 15. Bh6 Re8 16. Qe3 a6 17. Qf4 f6 18. exf6 Bxf6 19. Bg5 Be7 20. Bd3 Rf8
21. Bxe7 Qxe7 22. Qe3 b6 23. Ne2 c5 24. dxc5 bxc5 25. c3 Nc6 26. Ng3 Bb7 27. Ng5 e5 28. Ne2 Qd8 29. Ne6 Qb6 30. Nxf8 Rxf8
31. Rb1 Qc7 32. Ng3 Rf6 33. Qg5 Qd8 34. Nh5 e4 35. Be2 Kf7 36. Nxf6 Nxf6 37. Rxb7+ Ke8 38. Bxa6 Na5 39. Bb5+ Nd7 40. Qxd5 h6
41. Bxd7+ Kf8 42. Qxc5+ Kf7 43. Qxa5 Qxa5 44. Bf5+ Kf6 45. Bxe4 Ke5 46. Re7+ Kf6 47. Rc7 g5 48. Rc6+ Ke5 49. Re1 Qd8 50. Bg6+ Kf4
51. g3+ Kg4 52. Rc4+ Kh3 53. Bf5+ g4 54. Bxg4#
1-0

[Event "EVERY START POSITION + VARIANT #9 'Caro-Kann&q"]
[Site "SchemingMind.com"]
[Date "2016.04.23"]
[Round "-"]
[White "Chessibelle"]
[Black "maro"]
[Result "0-1"]
[WhiteCountry "ENG"]
[BlackCountry "MEX"]
[WhiteElo "1135"]
[WhiteRD "61"]
[BlackElo "1417"]
[BlackRD "57"]
[GameID "398437"]

1. e4 c6 2. d4 d5 3. Nd2 dxe4 4. Nxe4 e6 5. Bd2 h6 6. Bd3 Qxd4 7. Bc3 Bb4 8. Ne2 Bxc3+ 9. N4xc3 Qg4 10. g3 Nf6
11. Qd2 O-O 12. O-O-O e5 13. Rdf1 Nbd7 14. Bc4 b5 15. Bb3 a5 16. a4 bxa4 17. Bxa4 Nc5 18. Bxc6 Ra6 19. Qd6 Qg5+ 20. Kb1 Nb7
21. Qc7 Nc5 22. h4 Qf5 23. Bb5 Ra8 24. Qxc5 Bd7 25. Bd3 e4 26. Bc4 Qxc5
0-1

[Event "EVERY START POSITION + VARIANT #9 'Caro-Kann&q"]
[Site "SchemingMind.com"]
[Date "2016.04.28"]
[Round "-"]
[White "maro"]
[Black "DANDYLIONHONEYBADGER"]
[Result "1/2-1/2"]
[WhiteCountry "MEX"]
[BlackCountry "USA"]
[WhiteElo "1382"]
[WhiteRD "63"]
[BlackElo "1331"]
[BlackRD "62"]
[GameID "398438"]

1. e4 c6 2. d4 d5 3. Nd2 e6 4. e5 Ne7 5. Bd3 g6 6. c4 b6 7. Ngf3 Nd7 8. O-O h6 9. b4 Bb7 10. c5 bxc5
11. bxc5 Nf5 12. Bxf5 gxf5 13. Nb3 f6 14. Bf4 Ba6 15. Re1 Bg7 16. exf6 Bxf6 17. Na5 Qxa5 18. Rxe6+ Kd8 19. Rxc6 Rc8 20. Rd6 Bb7
21. Rb1 Be7 22. Rxh6 Rxh6 23. Bxh6 Qxa2 24. Rxb7 Qa6 25. Rb1 Qxh6 26. Rb7 a5 27. h3 Rb8 28. Rxb8+ Nxb8 29. Qa4 Qc1+ 30. Kh2 Qf4+
31. Kh1 Qc1+ 32. Kh2 Kc7 33. Qxa5+ Kb7 34. Qb5+ Kc8 35. Qe8+ Bd8 36. Qe6+ Nd7 37. Ne5 Qf4+ 38. g3 Qxf2+ 39. Kh1 Qf1+ 40. Kh2 Qf2+
41. Kh1 Qf1+ 42. Kh2 Qf2+
1/2-1/2

[Event "EVERY START POSITION + VARIANT #9 'Caro-Kann&q"]
[Site "SchemingMind.com"]
[Date "2016.04.28"]
[Round "-"]
[White "DANDYLIONHONEYBADGER"]
[Black "maro"]
[Result "1-0"]
[WhiteCountry "USA"]
[BlackCountry "MEX"]
[WhiteElo "1334"]
[WhiteRD "59"]
[BlackElo "1402"]
[BlackRD "60"]
[GameID "398439"]

1. e4 c6 2. d4 d5 3. Nd2 Nf6 4. f3 dxe4 5. Nxe4 Nxe4 6. fxe4 g6 7. Nf3 Bg7 8. Be3 O-O 9. Qd2 c5 10. d5 Bxb2
11. Rb1 Ba3 12. Rb3 Bb4 13. c3 Ba5 14. Bxc5 b6 15. Bd4 Bg4 16. Be2 e5 17. Nxe5 Bxe2 18. Kxe2 Nd7 19. Nc6 Qh4 20. Qe3 Rfe8
21. g3 Qg4+ 22. Kf2 Rxe4 23. Ne7+ Kf8 24. h3 Rxe3 25. hxg4 Rxe7 26. Rxh7 Ne5 27. d6 Nxg4+ 28. Kg2 Rd7 29. Rh8#
1-0

[Event "EVERY START POSITION + VARIANT #9 'Caro-Kann&q"]
[Site "SchemingMind.com"]
[Date "2016.04.26"]
[Round "-"]
[White "maro"]
[Black "RyanSmith89"]
[Result "1-0"]
[WhiteCountry "MEX"]
[BlackCountry "USA"]
[WhiteElo "1425"]
[WhiteRD "53"]
[BlackElo "1313"]
[BlackRD "80"]
[GameID "398442"]

1. e4 c6 2. d4 d5 3. Nd2 Qa5 4. e5 f6 5. exf6 Nxf6 6. Bd3 g6 7. Nf3 Bg4 8. h3 Bxf3 9. Qxf3 Nbd7 10. O-O Bg7
11. Nb3 Qc7 12. Bf4 Qb6 13. Rfe1 O-O 14. Rxe7 Nh5 15. Qg4 Ndf6 16. Qe6+ Kh8 17. Bc7 Nf4 18. Qd6 Ne8 19. Rxe8 Raxe8 20. Bxb6 axb6
21. Nd2 Nxd3 22. cxd3 Bxd4 23. Kh1 Rxf2 24. Nf3 Bc5 25. Qf6+ Kg8 26. Rd1 Ree2 27. Qd8+ Kg7 28. d4 Be7 29. Qd7 Rxg2 30. Rg1 Rgf2
31. Qg4 Re4 32. Qg3 Rxb2 33. Re1 Rxe1+ 34. Qxe1 Bb4 35. Qe5+ Kg8 36. Ng5 Rb1+ 37. Kg2 Re1 38. Qb8+ Bf8 39. Qxb7 Be7 40. Qxc6 Re2+
41. Kf3 Rh2 42. Qxd5+ Kg7 43. Qf7+ Kh6 44. Qxe7 b5 45. Kf4 Rf2+ 46. Kg3 Rxa2 47. h4 Ra3+ 48. Kf4
1-0

[Event "EVERY START POSITION + VARIANT #9 'Caro-Kann&q"]
[Site "SchemingMind.com"]
[Date "2016.04.25"]
[Round "-"]
[White "RyanSmith89"]
[Black "maro"]
[Result "1-0"]
[WhiteCountry "USA"]
[BlackCountry "MEX"]
[WhiteElo "1370"]
[WhiteRD "106"]
[BlackElo "1417"]
[BlackRD "57"]
[GameID "398443"]

1. e4 c6 2. d4 d5 3. Nd2 dxe4 4. Nxe4 e6 5. Bc4 Nf6 6. Bg5 Be7 7. Nxf6+ Bxf6 8. Be3 b5 9. Bb3 Qa5+ 10. Bd2 Qb6
11. Bc3 b4 12. Bxb4 Qxb4+ 13. c3 Qd6 14. Ne2 Ba6 15. O-O O-O 16. c4 Nd7 17. Qd3 Qe7 18. Bc2 c5 19. Qxh7#
1-0

[Event "EVERY START POSITION + VARIANT #9 'Caro-Kann&q"]
[Site "SchemingMind.com"]
[Date "2016.04.25"]
[Round "-"]
[White "Scooter"]
[Black "RyanSmith89"]
[Result "1-0"]
[WhiteCountry "USA"]
[BlackCountry "USA"]
[WhiteElo "1731"]
[WhiteRD "47"]
[BlackElo "1313"]
[BlackRD "80"]
[GameID "398446"]

1. e4 c6 2. d4 d5 3. Nd2 e5 4. exd5 Qxd5 5. dxe5 Bb4 6. c3 Ba5 7. Ngf3 Bg4 8. Bc4 Qd7 9. O-O Nh6 10. h3 Bxh3
11. gxh3 O-O 12. Kh2 b5 13. Bb3 c5 14. Bc2 Nc6 15. Ne4 Qxd1 16. Rxd1 Rae8 17. Nxc5 Nxe5 18. Nxe5 Rxe5 19. Nd7 Re2 20. Nxf8 Rxf2+
21. Kg3 Rxc2 22. Bxh6 Bc7+ 23. Bf4 Bxf4+ 24. Kxf4 Kxf8 25. Rd7 Ke8 26. Rxa7 Rxb2 27. Rd1 Rf2+ 28. Kg3 Rc2 29. Rdd7 Rxc3+ 30. Kf4 Rc4+
31. Ke3 Rc3+ 32. Kd2 Rxh3 33. Re7+ Kf8 34. Rxf7+ Kg8 35. Rxg7+ Kh8 36. Rgb7 Rh2+ 37. Kc3 Rg2 38. Rxh7+ Kg8 39. Rhb7 Rg3+ 40. Kb4 Rf3
41. Kxb5 Rf5+ 42. Kc4 Rf8 43. Rg7+ Kh8 44. Rh7+ Kg8 45. Rag7#
1-0

[Event "EVERY START POSITION + VARIANT #9 'Caro-Kann&q"]
[Site "SchemingMind.com"]
[Date "2016.04.25"]
[Round "-"]
[White "RyanSmith89"]
[Black "Scooter"]
[Result "0-1"]
[WhiteCountry "USA"]
[BlackCountry "USA"]
[WhiteElo "1370"]
[WhiteRD "106"]
[BlackElo "1710"]
[BlackRD "48"]
[GameID "398447"]

1. e4 c6 2. d4 d5 3. Nd2 dxe4 4. Nxe4 Bf5 5. Bd3 Bxe4 6. Bxe4 Nf6 7. Bf3 g6 8. Ne2 Bg7 9. O-O O-O 10. c3 Nbd7
11. Nf4 e5 12. Nh3 exd4 13. cxd4 Re8 14. Bg5 Qb6 15. Qd3 Rad8 16. b3 Ne5 17. Qc3 Nxf3+ 18. Qxf3 Qxd4 19. Bxf6 Bxf6 20. Rad1 Qe5
21. Rde1 Qxe1 22. Qxf6 Qxf1+ 23. Kxf1 Rd1#
0-1

[Event "EVERY START POSITION + VARIANT #9 'Caro-Kann&q"]
[Site "SchemingMind.com"]
[Date "2016.04.25"]
[Round "-"]
[White "ray winteringham"]
[Black "RyanSmith89"]
[Result "0-1"]
[WhiteCountry "ENG"]
[BlackCountry "USA"]
[WhiteElo "1496"]
[WhiteRD "54"]
[BlackElo "1313"]
[BlackRD "80"]
[GameID "398448"]

1. e4 c6 2. d4 d5 3. Nd2 Qa5 4. c3 Nf6 5. e5 Ng4 6. h3 Nh6 7. Nb3 Qc7 8. Bxh6 gxh6 9. Nf3 Bg7 10. Be2 O-O
11. O-O f6 12. exf6 Rxf6 13. Nbd2 Nd7 14. a3 Nb6 15. Ne5 Nc4 16. Ndxc4 Bf5 17. Bg4 dxc4 18. Bxf5 Rxf5 19. Qg4 Raf8 20. Nxc4 h5
21. Qg3 Qxg3 22. fxg3 Rxf1+ 23. Rxf1 Rxf1+ 24. Kxf1 Kf7 25. Ke2 Ke6 26. Kf3 Kd5 27. b3 Bh6 28. a4 b6 29. Nb2 Bd2 30. Nd1 a5
31. Nf2 Bxc3 32. Ke3 Bxd4+ 33. Kf3 Bxf2 34. Kxf2 e5 35. Ke3 e4 36. g4 h4
0-1

[Event "EVERY START POSITION + VARIANT #9 'Caro-Kann&q"]
[Site "SchemingMind.com"]
[Date "2016.04.25"]
[Round "-"]
[White "RyanSmith89"]
[Black "ray winteringham"]
[Result "0-1"]
[WhiteCountry "USA"]
[BlackCountry "ENG"]
[WhiteElo "1313"]
[WhiteRD "80"]
[BlackElo "1496"]
[BlackRD "54"]
[GameID "398449"]

1. e4 c6 2. d4 d5 3. Nd2 dxe4 4. Nxe4 Bf5 5. f3 Nf6 6. Ne2 Bxe4 7. fxe4 Nxe4 8. Qd3 Nf6 9. Bg5 Nbd7 10. O-O-O h6
11. Bf4 e6 12. Ng3 Be7 13. Be2 Nd5 14. Qe4 Qa5 15. a3 g5 16. Bd2 Qc7 17. Rhf1 O-O-O 18. Rxf7 N7f6 19. Qxe6+ Kb8 20. Nf5 Rhf8
21. Rxe7 Nxe7 22. Nxe7 Rxd4 23. g3 Re4 24. Nxc6+ Qxc6 25. Qxc6 bxc6 26. Bf3 Re6 27. h3 Kc7 28. Ba5+ Kb8 29. Bb4 Rfe8 30. Bd6+ Kb7
31. b4 Ne4 32. Bh5 Rd8 33. Bf3 Nxd6 34. b5 Kc7 35. bxc6 Nc4 36. c3 Rxd1+ 37. Bxd1 Nxa3 38. Ba4 Re3 39. Kb2 Nc4+ 40. Kb3 Nb6
41. Bb5 Rxg3 42. Kb4 Rxh3 43. c4 Rh4 44. Ka5 Nxc4+ 45. Ka6 Rf4 46. Kxa7 g4
0-1

[Event "EVERY START POSITION + VARIANT #9 'Caro-Kann&q"]
[Site "SchemingMind.com"]
[Date "2016.04.25"]
[Round "-"]
[White "Simon Green"]
[Black "RyanSmith89"]
[Result "1-0"]
[WhiteCountry "ENG"]
[BlackCountry "USA"]
[WhiteElo "1621"]
[WhiteRD "55"]
[BlackElo "1313"]
[BlackRD "80"]
[GameID "398450"]

1. e4 c6 2. d4 d5 3. Nd2 Qa5 4. exd5 Qxd5 5. Ngf3 Bg4 6. Be2 g6 7. c4 Qa5 8. O-O Bg7 9. Nb3 Qc7 10. g3 Nf6
11. Bf4 Qc8 12. Ne5 Bh3 13. Re1 Nbd7 14. Nc5 Nxc5 15. dxc5 O-O 16. Bf3 Rd8 17. Qe2 e6 18. Bg5 Qc7 19. Ng4 h6 20. Bxf6 h5
21. Bxg7 Kxg7 22. Ne5 f6 23. Nd3 e5 24. Bg2 Bg4 25. Qe3 Rd7 26. h3 Bf5 27. Rad1 e4 28. Nf4 Rxd1 29. Rxd1 Rd8 30. Rxd8 Qxd8
31. Bxe4 Qd1+ 32. Kg2 Bxe4+ 33. Qxe4 f5 34. Qe7+ Kh6 35. Qf8+ Kg5 36. Ne6#
1-0

[Event "EVERY START POSITION + VARIANT #9 'Caro-Kann&q"]
[Site "SchemingMind.com"]
[Date "2016.04.25"]
[Round "-"]
[White "RyanSmith89"]
[Black "Simon Green"]
[Result "0-1"]
[WhiteCountry "USA"]
[BlackCountry "ENG"]
[WhiteElo "1313"]
[WhiteRD "80"]
[BlackElo "1621"]
[BlackRD "55"]
[GameID "398451"]

1. e4 c6 2. d4 d5 3. Nd2 Nf6 4. Bd3 e6 5. Ngf3 Be7 6. O-O O-O 7. e5 Nfd7 8. c4 f5 9. exf6 Nxf6 10. Ng5 g6
11. f4 dxc4 12. Bxc4 Qxd4+ 13. Kh1 Nd5 14. Qe2 Nxf4 15. Nxe6 Bxe6 16. Bxe6+ Kg7 17. Qd1 Nxe6 18. Rxf8 Bxf8 19. Qb3 Nc5 20. Qc3 Qxc3
21. bxc3 Nbd7 22. Nb3 Nxb3 23. axb3 a6 24. Bb2 Kf7 25. Rf1+ Ke6 26. c4 Bb4 27. g4 Rf8 28. Rg1 Ne5 29. h4 Rd8 30. g5 Rd2
31. Bxe5 Kxe5 32. Re1+ Kd4 33. Re7 Bxe7
0-1

[Event "EVERY START POSITION + VARIANT #9 'Caro-Kann&q"]
[Site "SchemingMind.com"]
[Date "2016.04.25"]
[Round "-"]
[White "Chessibelle"]
[Black "RyanSmith89"]
[Result "0-1"]
[WhiteCountry "ENG"]
[BlackCountry "USA"]
[WhiteElo "1180"]
[WhiteRD "61"]
[BlackElo "1313"]
[BlackRD "80"]
[GameID "398452"]

1. e4 c6 2. d4 d5 3. Nd2 e6 4. Ngf3 Nd7 5. Nb3 g6 6. Be2 Bg7 7. Bg5 Ngf6 8. e5 O-O 9. exf6 Nxf6 10. Ne5 Qd6
11. f4 Ne4 12. Bh4 f6 13. Nf3 Qxf4 14. O-O g5 15. Bg3 Nxg3 16. Rf2 Nxe2+ 17. Qxe2 Qe4 18. Qd2 b6 19. Raf1 Ba6 20. Re1 Qf4
21. Qc3 Rac8 22. Rxe6 c5 23. Ree2 Bxe2 24. Rxe2 cxd4 25. Qe1 a5 26. Nbxd4 g4 27. Ne6 Qb4 28. c3 Qe7 29. Nf4 Qc5+ 30. Kf1 gxf3
31. gxf3 Qd6 32. Qg3 Rce8 33. a3 Rxe2 34. Kxe2 Qe5+ 35. Kf2 d4 36. Qg4 Qe3+ 37. Kg3 f5 38. Qg5 h6 39. Qg6 Qg1+ 40. Ng2 f4+
41. Kh3 Qf2 42. Qe6+ Kh8 43. Qe7 Qxf3+
0-1

[Event "EVERY START POSITION + VARIANT #9 'Caro-Kann&q"]
[Site "SchemingMind.com"]
[Date "2016.04.25"]
[Round "-"]
[White "RyanSmith89"]
[Black "Chessibelle"]
[Result "1-0"]
[WhiteCountry "USA"]
[BlackCountry "ENG"]
[WhiteElo "1313"]
[WhiteRD "80"]
[BlackElo "1180"]
[BlackRD "61"]
[GameID "398453"]

1. e4 c6 2. d4 d5 3. Nd2 e6 4. Ngf3 Nf6 5. exd5 cxd5 6. g3 Nc6 7. Bb5 Bd7 8. O-O Bd6 9. Ne5 Bc8 10. Nxc6 bxc6
11. Ba4 Bd7 12. b3 O-O 13. Bb2 h6 14. c4 Bc7 15. Nf3 Qe7 16. c5 Ne4 17. Ne5 Bc8 18. Nxc6 Qg5 19. Rc1 f5 20. f4 Qg6
21. Ne7+
1-0